| 000 | 00619nam a22002177a 4500 | ||
|---|---|---|---|
| 003 | BUBTL | ||
| 008 | 170924b xxu||||| |||| 00| 0 eng d | ||
| 020 | _a0-13-288598-0 | ||
| 082 |
_a659.87 _bMOM |
||
| 100 |
_91415 _aMooij, Marieke de. |
||
| 245 |
_aAdvertising Worldwide _cMooij, Marieke de. |
||
| 250 | _a2nd | ||
| 260 |
_aNew York _bPrentice Hall _c1991 |
||
| 300 |
_a[xxi], 570p. : _bill, Table, Graph ; 24cm. _cMarketing. |
||
| 500 | _aIncludes Index. | ||
| 650 | 0 |
_953 _aMarketing |
|
| 700 |
_91416 _aMooij, Marieke de. |
||
| 856 |
_k0 _l0 _yDownload |
||
| 942 |
_2ddc _cBK |
||
| 999 |
_c5517 _d5517 |
||